000 00653nam a2200145 a 4500
008 100225s2002 ||||||||||||||||| || u
050 _aUN-ECA(02)
110 _aUnited Nations Economic Commission For Africa(UNECA)
245 1 0 _aAfrica's population and development bulletin 2002
_cby United Nations Economic Commission for Africa (UN-ECA)
260 _aAddis Ababa :
_bUNITED NATIONS
_c2002
300 _av, 44p. ;ill
350 _a0.00
650 _aPOPULATION AND DEVELOPMENT--AFRICA
995 _D0.00
_FCBU-MAIN LIBRARY (Kitwe)
_H1
_I0.00
_M1
_UAVAILABLE
_WMar 1, 2010
_ZInternational Publications
999 _c33839
_d33839